| 000 | 00600cam a22002053a 4500 | ||
|---|---|---|---|
| 001 | 39921 | ||
| 003 | PGUSA | ||
| 005 | 20140828083905.0 | ||
| 008 | 120605s2012||||xxu|||||s|||||000 | eng d | ||
| 040 |
_aPGUSA _beng |
||
| 042 | _adc | ||
| 100 | 1 |
_aVidocq, Eugène François, _d1775-1857 |
|
| 245 | 1 | 0 |
_aLes vrais mystères de Paris _h[electronic resource] / _cEugène François Vidocq |
| 260 |
_bProject Gutenberg, _c2012 |
||
| 506 | _aPublic domain in the USA. | ||
| 516 | _aElectronic text | ||
| 830 | 0 |
_aProject Gutenberg _v39921 |
|
| 856 | 4 | 0 | _uhttp://www.gutenberg.org/ebooks/39921 |
| 942 | _cEB | ||
| 999 |
_c269174 _d269174 |
||